000 00348nam a2200145Ia 4500
003 GCL
008 140319s9999 xx 000 0 eng d
040 _aGCL /
_cGCL
082 0 4 _a50200
_bA B
245 1 0 _aTHE BOOK ENGLISH
250 _a22
260 _aالقاهرة :
_b2000 للثقافة والنشر
650 0 4 _aLANGUAGES
942 _2ddc
_cREF
999 _c3894
_d3894